000 00211 a2200097 4500
001 41092
100 _a
245 _aVegetable Garden Desplayed
260 _aLondon
_bSimpkin Marshall
_c
090 _c25322
_d25322
942 _aNUST-CAE
_cM
_c17028
999 _c276165
_d276165